<?xml version="1.0" encoding="UTF-8"?>
<record
    xmlns:xsi="http://www.w3.org/2001/XMLSchema-instance"
    xsi:schemaLocation="http://www.loc.gov/MARC21/slim http://www.loc.gov/standards/marcxml/schema/MARC21slim.xsd"
    xmlns="http://www.loc.gov/MARC21/slim">

  <leader>01106cam a2200241 a 4500</leader>
  <controlfield tag="001">78675</controlfield>
  <controlfield tag="003">BD-RjUL</controlfield>
  <controlfield tag="005">20211209083147.0</controlfield>
  <controlfield tag="008">211101s1985    ua       b   f000 0 araod</controlfield>
  <datafield tag="035" ind1=" " ind2=" ">
    <subfield code="a">(BD-RjUL)78901</subfield>
  </datafield>
  <datafield tag="040" ind1=" " ind2=" ">
    <subfield code="a">PAU</subfield>
    <subfield code="b">eng</subfield>
    <subfield code="c">PAU</subfield>
    <subfield code="d">UUM</subfield>
    <subfield code="d">DLC</subfield>
    <subfield code="d">CUY</subfield>
    <subfield code="d">UkOxU</subfield>
  </datafield>
  <datafield tag="041" ind1=" " ind2=" ">
    <subfield code="a">ara</subfield>
  </datafield>
  <datafield tag="082" ind1=" " ind2=" ">
    <subfield code="2">23</subfield>
    <subfield code="a">892.709</subfield>
    <subfield code="b">MAB 1985</subfield>
  </datafield>
  <datafield tag="100" ind1="1" ind2=" ">
    <subfield code="a">&#x645;&#x627;&#x644;&#x637;&#x64A; -&#x62F;&#x648;&#x62C;&#x644;&#x627;&#x633;&#x60C; &#x641;&#x62F;&#x648;&#x649;. ;; Malti-Douglas, Fedwa.</subfield>
    <subfield code="9">249496</subfield>
  </datafield>
  <datafield tag="245" ind1="1" ind2="0">
    <subfield code="a">&#x628;&#x646;&#x627;&#x621; &#x627;&#x644;&#x646;&#x635; &#x627;&#x644;&#x62A;&#x631;&#x627;&#x62B;&#x64A; : ;; Bin&#x101;&#x2BC; al-na&#x1E63;&#x1E63; al-tur&#x101;th&#x12B; :</subfield>
    <subfield code="b">&#x62F;&#x631;&#x627;&#x633;&#x627;&#x62A; &#x641;&#x64A; &#x627;&#x644;&#x623;&#x62F;&#x628; &#x648;&#x627;&#x644;&#x62A;&#x631;&#x627;&#x62C;&#x645; ;; dir&#x101;s&#x101;t f&#x12B; al-adab wa-al-tarajim /</subfield>
    <subfield code="c">&#x641;&#x62F;&#x648;&#x649; &#x645;&#x627;&#x644;&#x637;&#x64A; -&#x62F;&#x648;&#x62C;&#x644;&#x627;&#x633;. ;; Fadw&#xE1; M&#x101;l&#x1E6D;&#x12B;-D&#x16B;jl&#x101;s.</subfield>
  </datafield>
  <datafield tag="260" ind1=" " ind2=" ">
    <subfield code="a">[Cairo] :&#x627;&#x644;&#x642;&#x627;&#x647;&#x631;&#x629;] :</subfield>
    <subfield code="b">&#x627;&#x644;&#x647;&#x64A;&#x626;&#x629; &#x627;&#x644;&#x645;&#x635;&#x631;&#x64A;&#x629; &#x627;&#x644;&#x639;&#x627;&#x645;&#x629; &#x644;&#x644;&#x643;&#x62A;&#x627;&#x628;&#x60C; ;; al-Hay&#x2BC;ah al-Mi&#x1E63;r&#x12B;yah al-&#x2BB;&#x100;mmah lil-Kit&#x101;b,</subfield>
    <subfield code="c">1985.</subfield>
  </datafield>
  <datafield tag="300" ind1=" " ind2=" ">
    <subfield code="a">222 p. ;</subfield>
    <subfield code="c">24 cm.</subfield>
  </datafield>
  <datafield tag="490" ind1="1" ind2=" ">
    <subfield code="a">  &#x62F;&#x631;&#x627;&#x633;&#x627;&#x62A; &#x623;&#x62F;&#x628;&#x64A;&#x629; ;; Dir&#x101;s&#x101;t adab&#x12B;yah</subfield>
  </datafield>
  <datafield tag="504" ind1=" " ind2=" ">
    <subfield code="a">Bibliography: p. 207-222.</subfield>
  </datafield>
  <datafield tag="650" ind1=" " ind2="0">
    <subfield code="a">Arabic literature</subfield>
    <subfield code="x">History and criticism.</subfield>
    <subfield code="9">249497</subfield>
  </datafield>
  <datafield tag="830" ind1=" " ind2="0">
    <subfield code="a">&#x62F;&#x631;&#x627;&#x633;&#x627;&#x62A; &#x623;&#x62F;&#x628;&#x64A;&#x629;.;; Dir&#x101;s&#x101;t adab&#x12B;yah</subfield>
    <subfield code="9">249498</subfield>
  </datafield>
  <datafield tag="942" ind1=" " ind2=" ">
    <subfield code="2">ddc</subfield>
    <subfield code="c">BK</subfield>
  </datafield>
  <datafield tag="999" ind1=" " ind2=" ">
    <subfield code="c">78675</subfield>
    <subfield code="d">78675</subfield>
  </datafield>
  <datafield tag="952" ind1=" " ind2=" ">
    <subfield code="0">0</subfield>
    <subfield code="1">0</subfield>
    <subfield code="2">ddc</subfield>
    <subfield code="4">0</subfield>
    <subfield code="7">1</subfield>
    <subfield code="8">NFIC</subfield>
    <subfield code="a">RUCL</subfield>
    <subfield code="b">RUCL</subfield>
    <subfield code="c">Reading</subfield>
    <subfield code="d">2008-07-10</subfield>
    <subfield code="e">Maktab al Arabia, Dhaka</subfield>
    <subfield code="g">75.00</subfield>
    <subfield code="l">0</subfield>
    <subfield code="o">A 892.709 MAB 1985</subfield>
    <subfield code="r">2021-11-01 00:00:00</subfield>
    <subfield code="t">C-1</subfield>
    <subfield code="w">2021-12-09</subfield>
    <subfield code="y">BK</subfield>
  </datafield>
  <datafield tag="952" ind1=" " ind2=" ">
    <subfield code="0">0</subfield>
    <subfield code="1">0</subfield>
    <subfield code="2">ddc</subfield>
    <subfield code="4">0</subfield>
    <subfield code="7">0</subfield>
    <subfield code="8">NFIC</subfield>
    <subfield code="a">RUCL</subfield>
    <subfield code="b">RUCL</subfield>
    <subfield code="c">Stack</subfield>
    <subfield code="d">2009-11-17</subfield>
    <subfield code="e">Ahsania mission, Dhaka</subfield>
    <subfield code="g">435.00</subfield>
    <subfield code="l">0</subfield>
    <subfield code="o">A 892.709 MAB 1985</subfield>
    <subfield code="r">2021-11-07 00:00:00</subfield>
    <subfield code="t">C-2</subfield>
    <subfield code="w">2021-11-07</subfield>
    <subfield code="y">BK</subfield>
  </datafield>
</record>
